000 00410cam a2200169ua 4500
020 _c10.00
041 _aeng
_h
082 _a534
_bJEA/SC
100 _aJeans, James .
245 _aScience and music /
_cJeans James.
_hTextual Documents
260 _aCambridge :
_bCambridge University Press ,
_c1961.
300 _a258 ; .
365 _a10.00
504 _a
942 _cBK
999 _c9283
_d9283